A carregar...

Shree 420 /

Detalhes bibliográficos
Autor principal: Kapoor, Raj
Idioma:English
Publicado em: Mumbai : Shemaroo Entretainment ,
Colecção:Vintage Black & White Classics
Assuntos:
LEADER 00534nam a22001577a 4500
008 151214b xxu||||| |||| 00| 0 eng d
020 |a 8904036843292 
100 |a Kapoor, Raj 
245 |a Shree 420 /  |c directed by Raj Kapoor 
260 |a Mumbai :  |b Shemaroo Entretainment , 
300 |a .  |b Duration : 163 min. 
440 |a Vintage Black & White Classics 
650 |a Film 
942 |2 ddc  |c CD 
999 |c 13343  |d 13343 
952 |0 0  |1 0  |2 ddc  |4 0  |7 0  |9 19023  |a MAIN  |b MAIN  |d 2015-12-14  |e SHEMAROO Entertainment  |g 149.00  |p CD0135  |r 2015-12-14  |t 1  |w 2015-12-14  |y CD